| 000 | 00453nam a2200169 a 4500 | ||
|---|---|---|---|
| 001 | 1226 | ||
| 005 | 20140414131915.0 | ||
| 008 | 041111s19uu xx 00 eng d | ||
| 020 | _a9780439148030 | ||
| 050 |
_aFIC _bC58 2007 |
||
| 100 | _aCleary, Beverly | ||
| 245 |
_aRamona forever / _cBeverly Cleary ; illustrated by Alan Tiegreeng. |
||
| 260 |
_aNew York : _bScholastic , _c2007. |
||
| 300 | _a | ||
| 650 | _aChildren stories. | ||
| 999 |
_c111430 _d111430 |
||